A critical history of children's literature / (Record no. 123435)

MARC details
000 -LEADER
fixed length control field 00787nam a22002657a 4500
005 - DATE AND TIME OF LATEST TRANSACTION
control field 20170124105925.0
010 ## - LIBRARY OF CONGRESS CONTROL NUMBER
LC control number 36553
020 ## - INTERNATIONAL STANDARD BOOK NUMBER
Terms of availability 00
035 ## - SYSTEM CONTROL NUMBER
System control number 36553
037 ## - SOURCE OF ACQUISITION
Source of stock number/acquisition Cen Lib/Ret
040 ## - CATALOGING SOURCE
Original cataloging agency DPL
Language of cataloging EN
082 ## - DEWEY DECIMAL CLASSIFICATION NUMBER
Classification number 028.5
245 ## - TITLE STATEMENT
Title A critical history of children's literature /
Statement of responsibility, etc by Cornelia Meigs...[et al.]
246 ## - VARYING FORM OF TITLE
Remainder of title
260 ## - PUBLICATION, DISTRIBUTION, ETC. (IMPRINT)
Name of publisher, distributor, etc The Macmillan Company
Date of publication, distribution, etc 1953
Place of publication, distribution, etc New York
270 ## - ADDRESS
City New York
300 ## - PHYSICAL DESCRIPTION
Extent xxiii, 624p.
Dimensions 22cm(Hb)
500 ## - GENERAL NOTE
General note Includes bibliographical references and index
650 ## - SUBJECT ADDED ENTRY--TOPICAL TERM
Topical term or geographic name as entry element Children's Literature
9 (RLIN) 6066
650 ## - SUBJECT ADDED ENTRY--TOPICAL TERM
Topical term or geographic name as entry element History
9 (RLIN) 6067
650 ## - SUBJECT ADDED ENTRY--TOPICAL TERM
Topical term or geographic name as entry element बाल साहित्य
9 (RLIN) 4735
650 ## - SUBJECT ADDED ENTRY--TOPICAL TERM
Topical term or geographic name as entry element इतिहास
9 (RLIN) 6068
700 ## - ADDED ENTRY--PERSONAL NAME
Personal name Meigs, Cornelia
9 (RLIN) 6069
942 ## - ADDED ENTRY ELEMENTS (KOHA)
Source of classification or shelving scheme Dewey Decimal Classification
Koha item type English Books
Classification part 028.5
Call number suffix MEI
Holdings
Withdrawn status Lost status Damaged status Not for loan Collection code Home library Current library Date acquired Source of acquisition Cost, normal purchase price Total Checkouts Full call number Barcode Date last seen Copy number Cost, replacement price Price effective from Koha item type
      Not For Loan Reference Central Library Central Library 06/06/2015 Cen Lib/Ret 0.00   028.5 MEI 36553 06/06/2015 1 0.00 06/06/2015 English Books

© Delhi Public Library
Hit Counter
free hit counter